Teritoriální a komoditní informace: Rusko

Reforma daňovej sústavy Ruska. Zmluva o zamedzení dvojakého zdanenia.

Gespeichert in:
Bibliographische Detailangaben
Format: Buchkapitel
Sprache:Tschechisch
Schlagworte:
Tags: Tag hinzufügen
Keine Tags, Fügen Sie das erste Tag hinzu!

MARC

LEADER 00000naa a2200000 4500
001 r036746
005 20230908092545.3
041 0 |a cze 
044 |a CZ 
245 1 0 |a Teritoriální a komoditní informace: Rusko 
520 |a Reforma daňovej sústavy Ruska. Zmluva o zamedzení dvojakého zdanenia. 
610 2 0 |a informácie obchodno-ekonomické 
610 2 0 |a Rusko 
610 2 0 |a reformy daňové 
610 2 0 |a zdanenie dvojité 
610 2 0 |a zmluvy zahraničnoobchodné